Catalog

Record Details

Catalog Search



Available copies

  • 1 of 1 copy available at LARL/NWRL Consortium.
  • 1 of 1 copy available at Lake Agassiz Regional Library. (Show preferred library)

Current holds

0 current holds with 1 total copy.

Show All Copies
Location Call Number / Copy Notes Barcode Shelving Location Status Due Date
Halstad LINK Site C CHA (Text) 33500010872208 Main Available -

Record details

  • ISBN: 9780736946124 (pbk.) :
  • ISBN: 0736946128 (pbk.)
  • Physical Description: 342 p. ; 22 cm.
  • Publisher: Eugene, Or. : Harvest House Publishers, c2012.

Content descriptions

General Note:
Includes discussion questions and an excerpt from Pebble Creek Amish series book 2 : A home for ... Read More
Summary, etc.:
"Amish schoolteacher Miriam King loves her ... Read More
Subject: Amish > Fiction.
Single women > Fiction.
Women teachers > Fiction.
Widowers > Fiction.
Single fathers > Fiction.
Wisconsin > Fiction.
Genre: Christian fiction.
Love stories.
Christian fiction.
Love stories.
LDR 02136cam a2200469 a 4500
001145809
003LARL_NWRL_CONSORTIUM
00520120913104159.0
008120106s2012 oru 000 1 eng
020 . ‡a9780736946124 (pbk.) : ‡c$13.99
020 . ‡a0736946128 (pbk.)
020 . ‡z9780736946131 (eBook)
035 . ‡a(OCoLC)771652947
043 . ‡an-us-wi
08200. ‡a813/.6 ‡223
1001 . ‡aChapman, Vannetta. ‡0(LARL_NWRL_CONSORTIUM)220965
24512. ‡aA promise for Miriam ‡n#1 / ‡cVannetta Chapman.
260 . ‡aEugene, Or. : ‡bHarvest House Publishers, ‡cc2012.
300 . ‡a342 p. ; ‡c22 cm.
4900 . ‡aPebble Creek Amish ; ‡v1
500 . ‡aIncludes discussion questions and an excerpt from Pebble Creek Amish series book 2 : A home for Lydia.
520 . ‡a"Amish schoolteacher Miriam King loves her students. At 26, most women her age are married with children of their own, but she hasn't yet met anyone who can convince her to give up the Plain school that sits along the banks of Pebble Creek. Then newcomer Gabriel Miller steps into her life, bringing his daughter, an air of mystery, and challenges Miriam has never faced before" -- Cover verso.
650 0. ‡aAmish ‡vFiction. ‡0(LARL_NWRL_CONSORTIUM)163281
650 0. ‡aSingle women ‡vFiction. ‡0(LARL_NWRL_CONSORTIUM)167300
650 0. ‡aWomen teachers ‡vFiction. ‡0(LARL_NWRL_CONSORTIUM)167946
650 0. ‡aWidowers ‡vFiction. ‡0(LARL_NWRL_CONSORTIUM)167915
650 0. ‡aSingle fathers ‡vFiction. ‡0(LARL_NWRL_CONSORTIUM)167304
651 0. ‡aWisconsin ‡vFiction. ‡0(LARL_NWRL_CONSORTIUM)167903
655 0. ‡aChristian fiction.
655 0. ‡aLove stories.
655 7. ‡aChristian fiction. ‡2gsafd
655 7. ‡aLove stories. ‡2gsafd
901 . ‡a145809 ‡bOCLC ‡c145809 ‡tbiblio

Additional Resources